| 000 | 00561nac a22001931u 4500 | ||
|---|---|---|---|
| 010 | _a 66028018 | ||
| 082 | 0 | 0 |
_a201 _bHIC |
| 090 |
_c6809 _d6809 |
||
| 100 | _aHick, John. | ||
| 245 | 1 | 0 |
_aFaith and knowledge/ _cJohn Hick |
| 250 | _a2d ed. | ||
| 260 |
_aIthaca, N.Y., _bCornell University Press.[1966] _c[1966] |
||
| 300 |
_ax, 268 p. _c23 cm. |
||
| 500 | _adistributer: Al-Ahram | ||
| 511 | _acatalogued by: wessam | ||
| 650 | 0 | _aKnowledge, Theory of (Religion) | |
| 650 | 0 | _aFaith. | |
| 942 |
_cBB _k201HIC |
||
| 999 |
_c6809 _d6809 |
||